Mala - Tekashi 6ix9ine, Anuel AA - Estadísticas

Estadísticas generales
  • Esta prueba ha sido intentada 27 veces
  • La puntuación promedio es 236 de 396
Estadísticas de respuestas
Letra % Correcto
mi
95%
95%
95%
tu
95%
baby
90%
Baby
90%
ere
90%
mala
90%
te
90%
Y
90%
y
90%
a
85%
no
80%
80%
se
80%
vaya
80%
Qué
75%
que
75%
qué
75%
de
70%
la
70%
Pa
70%
pa
70%
Devórame
65%
dime
65%
en
65%
hacer
65%
mujer
65%
tengo
65%
vo
65%
diabla
60%
Diabla
60%
sea
60%
una
60%
Anuel
55%
cama
55%
con
55%
hasta
55%
Mátame
55%
muerte
55%
Real
55%
Uah
55%
uah
55%
me
50%
o
50%
amigas
45%
bebé
45%
Bebe
45%
los
45%
nena
45%
to
45%
tus
45%
Ven
45%
ven
45%
allá
40%
diablo
40%
dice
40%
el
40%
encima
40%
extraña
40%
lo
40%
moja
40%
para
40%
Yo
40%
yo
40%
acá
35%
atrá
35%
clima
35%
comemo
35%
esas
35%
nalga
35%
Oh
35%
oh
35%
pone
35%
Rebota
35%
seas
35%
sin
35%
trepa
35%
vamo
35%
vayas
35%
voy
35%
adentro
30%
Brr
30%
condone
30%
cuatro
30%
emborracha
30%
está
30%
hacemo
30%
nos
30%
pero
30%
pide
30%
rico
30%
siempre
30%
tacone
30%
ti
30%
traicione
30%
baila
25%
beber
25%
Bebiendo
25%
eh
25%
Ella
25%
ella
25%
enloquecer
25%
lastimas
25%
tocándome
25%
bailándome
20%
Bebecita
20%
bebecita
20%
He
20%
Sudando
20%
Caliente
15%
Dos
15%
perla
15%
said
15%
6ix9ine
10%
Illuminati
10%
intocable
10%
mil
10%
louboutin
5%
Mera
5%
No se encontraron pruebas coincidentes
Distribución de puntuación
Porcentaje de gente con cada puntuación
Porcentaje por número respondido
Historial de tus puntuaciones
No has intentado esta prueba.